000 00263nam a2200097Ia 4500
001 768074
005 20250826165411.0
008 250824s9999 xx 000 0 und d
245 0 _aGÖNDERİLMEMİŞ MEKTUPLAR
_cADİL KUTUY
260 _bBİLGE KÜLTÜR SANAT YAYINLARI
999 _c768074
_d768074